000
00314nam a2200133Ia 4500
008
191201s2019 xx 000 0 und d
100
_a
MC GRAW HILL
245
0
_a
Electronics Engineers Handbook
250
_a
1st.
260
_a
N.Delhi
_b
McGraw Hill
300
_a
27-39
650
_a
B.Tech(ECE)
942
_2
ddc
_c
BK
999
_c
2475
_d
2475